History Quiz

Random History Quiz

JFK Assassination/Investigation Quiz Stats

Quiz not verified by Sporcle

Challenge
Share
Tweet
Embed
Score 0/25 Timer 07:00
0 Plays Today
Question Who/What? % Correct
Strip club owner who shoots OswaldJack Ruby
88.8%
Head of commission formed to investigate JFK assassination.Earl Warren
82.5%
35th President of the United StatesJFK
82.5%
Ex marine accused of killing JFKLee Harvey Oswald
81.1%
Director of 1991's JFKOliver Stone
80.4%
36th President of the United StatesLBJ
78.3%
Shooter of most famous 8mm film of all time.Abraham Zapruder
76.2%
FBI Director in 1963J Edgar Hoover
73.4%
Dallas police officer shot on 10th and PattonJD Tippit
69.2%
New Orleans DA who brings only trial in JFK assassination.Jim Garrison
67.8%
Texas Governer who survives Magic BulletJohn Connally
65.7%
CIA operative brought to trial by Jim GarrisonClay Shaw
54.5%
Ex CIA director and Warren Commission appointeeAllen Dulles
39.9%
Question Who/What? % Correct
Inventor of the Magic Bullet theoryArlen Specter
36.4%
Pilot and Civil Air Patrol unit leader assosicated with Lee H OswaldDavid Ferrie
35.7%
Shot or nicked under the triple underpass by missed shotJames Tague
33.6%
Married to Michael, friend of Marina OswaldRuth Paine
29.4%
Dallas chief of police in 1963Jesse Curry
24.5%
'Rush To Judgement' author and defacto counsel for Lee Harvey OswaldMark Lane
23.1%
Ex Chicago FBI director with offices at 544 Camp Street and 531 Lafayette StreetGuy Banister
22.4%
Railroad tower operator with backstage view of the grassy knoll.Lee Bowers
20.3%
Dallas police officer who confronts Oswald 90 seconds after assassinationMarion Baker
11.9%
Waitress and key commission witness to Tippit shootingHelen Markham
9.8%
Dallas police officer who finds 7.65 Mauser rifle with Weitzman and Fritz.Roger Craig
5.6%
Tippit witness who only identifies Oswald after recovering from being shot in the headWarren Reynolds
4.9%

You're not logged in!

Compare scores with friends on all Sporcle quizzes.
Join for Free
OR
Log In

You Might Also Like...

Show Comments

Extras

Created Sep 10, 2013ReportNominate
Tags:JFK

Top Quizzes Today


Score Distribution

Your Account Isn't Verified!

In order to create a playlist on Sporcle, you need to verify the email address you used during registration. Go to your Sporcle Settings to finish the process.

Report this User

Report this user for behavior that violates our Community Guidelines.

Details: